[Event "Euskadi-chT (Vasca) Div 1st"]
[Site "Bergara"]
[Date "2017.02.04"]
[Round "4.1"]
[White "Beudaert, Xavier"]
[Black "Garcia, Pio Jesus"]
[Result "1-0"]
[WhiteElo "2275"]
[BlackElo "2247"]
[PlyCount "85"]
[EventDate "2017.01.14"]
[EventType "team-tourn"]
[EventRounds "9"]
[EventCountry "ESP"]
[SourceTitle "EXT 2024"]
[Source "ChessBase"]
[SourceDate "2023.10.10"]
[SourceVersion "1"]
[SourceVersionDate "2023.10.10"]
[SourceQuality "1"]

1. e4 e6 2. d4 d5 3. Nd2 Nf6 4. e5 Nfd7 5. Bd3 c5 6. c3 Nc6 7. Ne2 Qb6 8. Nf3 cxd4 9. cxd4 f6 10. exf6 Nxf6 11. Bf4 Bb4+ 12. Nc3 Ne4 13. 0-0 0-0 14. Be3 Nf6 15. a3 Bxc3 16. bxc3 Qc7 17. Re1 Bd7 18. Qc1 Ng4 19. h3 Nxe3 20. Qxe3 Rae8 21. c4 Qf4 22. c5 Qxe3 23. Rxe3 Rxf3 24. Rxf3 Nxd4 25. Re3 g6 26. Rb1 Bc6 27. Rb4 e5 28. f3 Kf7 29. Kf2 Kf6 30. f4 Nf5 31. Bxf5 Kxf5 32. g4+ Kf6 33. fxe5+ Rxe5 34. Rf4+ Ke6 35. g5 Re4 36. Rexe4+ dxe4 37. Ke3 a5 38. Kd4 a4 39. Rf6+ Ke7 40. Ke5 e3 41. Re6+ Kd7 42. Kf6 Bd5 43. Rd6+ 1-0

[Event "Euskadi-chT (Vasca) Div 1st"]
[Site "Bergara"]
[Date "2017.01.21"]
[Round "2.2"]
[White "Beudaert, Xavier"]
[Black "Sanchez Rodriguez, Ramon"]
[Result "1-0"]
[WhiteElo "2275"]
[BlackElo "1871"]
[PlyCount "112"]
[EventDate "2017.01.14"]
[EventType "team-tourn"]
[EventRounds "9"]
[EventCountry "ESP"]
[SourceTitle "EXT 2024"]
[Source "ChessBase"]
[SourceDate "2023.10.10"]
[SourceVersion "1"]
[SourceVersionDate "2023.10.10"]
[SourceQuality "1"]

1. e4 e6 2. d4 d5 3. e5 c5 4. c3 Nc6 5. Nf3 Qb6 6. a3 a5 7. Be2 f6 8. 0-0 Bd7 9. Re1 a4 10. Bd3 Na5 11. Nbd2 c4 12. Bc2 Nb3 13. Bxb3 axb3 14. exf6 gxf6 15. Nf1 0-0-0 16. Bf4 Bd6 17. Bg3 Ne7 18. Nh4 Rdg8 19. Qf3 Rf8 20. Re2 e5 21. dxe5 fxe5 22. Qe3 Qxe3 23. Nxe3 Kc7 24. Rd1 Be6 25. Nf3 e4 26. Bxd6+ Kxd6 27. Nxc4+ Kc5 28. Ncd2 Bg4 29. h3 Bxf3 30. gxf3 Rhg8+ 31. Kh1 Rf4 32. fxe4 Ng6 33. Nxb3+ Kb6 34. exd5 Rf3 35. Re3 Rxf2 36. Rd2 Rf1+ 37. Kg2 Rgf8 38. Re4 R1f5 39. d6 Nf4+ 40. Kh2 Rh5 41. Re3 Nd5 42. Red3 Kc6 43. c4 Nb6 44. c5 Nd7 45. Nd4+ Kd5 46. b4 Ne5 47. Rg3 Ke4 48. d7 Nxd7 49. Ne6 Rf7 50. Ng5+ Rxg5 51. Rxg5 Ke3 52. Rdg2 Rf1 53. Rg1 Rf2+ 54. R1g2 Rf1 55. R2g3+ Ke4 56. Rg1 Ra1 1-0

[Event "FRA-chT1 0910"]
[Site "France"]
[Date "2009.11.21"]
[Round "4.4"]
[White "Beudaert, Xavier"]
[Black "Gosset, Arnaud"]
[Result "0-1"]
[WhiteElo "2344"]
[BlackElo "2201"]
[PlyCount "134"]
[EventDate "2009.09.27"]
[EventType "team-tourn"]
[EventRounds "11"]
[EventCountry "FRA"]
[SourceTitle "EXT 2011"]
[Source "ChessBase"]
[SourceDate "2010.11.26"]
[SourceVersion "1"]
[SourceVersionDate "2010.11.26"]
[SourceQuality "1"]

1. e4 c5 2. Nf3 e6 3. c4 Nc6 4. Nc3 e5 5. Be2 d6 6. 0-0 f5 7. d3 Be7 8. a3 Nf6 9. Rb1 0-0 10. b4 b6 11. Bg5 Be6 12. Bxf6 Bxf6 13. Nd5 Rf7 14. b5 Ne7 15. a4 a6 16. Nc3 axb5 17. axb5 Ra3 18. Rb3 Ra5 19. Ne1 g6 20. Nc2 Bg5 21. Bf3 fxe4 22. Nxe4 Bh6 23. Bg4 Nf5 24. Ra3 Rxa3 25. Nxa3 Qd7 26. Bh3 d5 27. cxd5 Qxd5 28. Nc4 Qd4 29. Qe2 Bd7 30. Bxf5 gxf5 31. Ned6 Rf6 32. Qa2 Kg7 33. Re1 Rxd6 34. Rxe5 Re6 35. Qa7 Rxe5 36. Nxe5 Qxe5 37. Qxd7+ Kg6 38. Qc6+ Qf6 39. Qe8+ Kg7 40. Qd7+ Kg8 41. Qd5+ Kh8 42. g3 f4 43. Qc6 Kg7 44. Qb7+ Kg8 45. Qd7 Kh8 46. Qc6 Qg6 47. Qc8+ Kg7 48. Qb7+ Kg8 49. Qd5+ Kh8 50. Qd8+ Kg7 51. Qc7+ Kg8 52. Qd8+ Bf8 53. Qd5+ Kg7 54. Qb7+ Kh8 55. Qb8 Kg8 56. Qxf4 Qxd3 57. Qg4+ Qg6 58. Qc4+ Qf7 59. Qg4+ Kh8 60. Qc8 c4 61. h4 h5 62. Qc6 Bc5 63. Qh6+ Qh7 64. Qf6+ Qg7 65. Qd8+ Qf8 66. Qd2 Qf6 67. Qe2 Kg7 0-1

[Event "FRA-chT1A 0708"]
[Site "France"]
[Date "2007.11.25"]
[Round "3.3"]
[White "Beudaert, Xavier"]
[Black "Legky, Nikolay A"]
[Result "0-1"]
[WhiteElo "2362"]
[BlackElo "2473"]
[PlyCount "80"]
[EventDate "2007.10.21"]
[EventType "team"]
[EventRounds "11"]
[EventCountry "FRA"]
[SourceTitle "EXT 2009"]
[Source "ChessBase"]
[SourceDate "2008.11.26"]
[SourceVersion "1"]
[SourceVersionDate "2008.11.26"]
[SourceQuality "1"]
[WhiteTeam "Clichy II"]
[BlackTeam "Drancy"]
[WhiteTeamCountry "FRA"]
[BlackTeamCountry "FRA"]

1. Nf3 d5 2. c4 e6 3. g3 dxc4 4. Qa4+ Nd7 5. Qxc4 a6 6. Bg2 b5 7. Qc2 Bb7 8. 0-0 Ngf6 9. Nc3 c5 10. a4 b4 11. Nd1 Be7 12. b3 0-0 13. Bb2 a5 14. Ne3 Qb6 15. Rac1 Qa6 16. Nc4 Rac8 17. Ng5 Bxg2 18. Kxg2 Rfd8 19. Kg1 h6 20. Nf3 Nd5 21. Qe4 Bf6 22. Rc2 Bxb2 23. Nxb2 N5b6 24. Rfc1 c4 25. Nxc4 Nc5 26. Qh4 Nxb3 27. Rb1 Nxc4 28. Rxb3 Nb6 29. Nd4 Rd7 30. Nc6 Qxe2 31. Rb1 b3 32. Rc5 Rxd2 33. Qf4 Rd1+ 34. Rxd1 Qxd1+ 35. Kg2 b2 36. Ne7+ Kf8 37. Ng6+ Ke8 38. Rxc8+ Nxc8 39. Qb8 Qd5+ 40. f3 Qd2+ 0-1

[Event "FRA-chT1A 0708"]
[Site "France"]
[Date "2007.11.24"]
[Round "2.2"]
[White "Beudaert, Xavier"]
[Black "Stojanovic, Mihajlo"]
[Result "0-1"]
[WhiteElo "2362"]
[BlackElo "2582"]
[PlyCount "68"]
[EventDate "2007.10.21"]
[EventType "team"]
[EventRounds "11"]
[EventCountry "FRA"]
[SourceTitle "EXT 2009"]
[Source "ChessBase"]
[SourceDate "2008.11.26"]
[SourceVersion "1"]
[SourceVersionDate "2008.11.26"]
[SourceQuality "1"]
[WhiteTeam "Clichy II"]
[BlackTeam "Chalons en Champagne"]
[WhiteTeamCountry "FRA"]
[BlackTeamCountry "FRA"]

1. Nf3 d5 2. c4 d4 3. b4 g6 4. e3 c5 5. exd4 Bg7 6. bxc5 Nc6 7. Bb2 Nxd4 8. Nxd4 Bxd4 9. Qb3 Nf6 10. Be2 Ne4 11. 0-0 0-0 12. Bf3 Nxc5 13. Qa3 Be6 14. Be2 Rc8 15. Nc3 a6 16. Rab1 Rc7 17. Rfd1 Qd6 18. d3 Rd8 19. Na4 Nxa4 20. Qxa4 Bd7 21. Qa5 Bxb2 22. Rxb2 b5 23. d4 bxc4 24. Rb6 Qf4 25. g3 Qf5 26. d5 Rdc8 27. Rxa6 Qe5 28. Bf1 c3 29. Rc1 Rc5 30. Qa3 Qxd5 31. Bg2 Qd2 32. Ra8 Qb2 33. Be4 Rxa8 34. Qxa8+ Rc8 0-1

[Event "Cullera op-A"]
[Site "Cullera"]
[Date "2007.07.12"]
[Round "9"]
[White "Beudaert, Xavier"]
[Black "Tscharotschkin, Michael"]
[Result "1/2-1/2"]
[WhiteElo "2350"]
[BlackElo "2236"]
[PlyCount "52"]
[EventDate "2007.07.06"]
[EventType "swiss"]
[EventRounds "9"]
[EventCountry "ESP"]
[SourceTitle "CBM 119 Extra"]
[Source "ChessBase"]
[SourceDate "2007.09.04"]
[SourceVersion "1"]
[SourceVersionDate "2007.09.04"]
[SourceQuality "1"]

1. Nf3 e6 2. c4 Nf6 3. g3 d5 4. Bg2 c5 5. cxd5 Nxd5 6. 0-0 Be7 7. d4 0-0 8. Nc3 Nxc3 9. bxc3 Nc6 10. e4 cxd4 11. cxd4 b6 12. Qa4 Na5 13. Ne5 f6 14. Nc6 Nxc6 15. Qxc6 Bd7 16. Qc4 Rc8 17. Qb3 Qc7 18. Ba3 Bxa3 19. Qxa3 e5 20. Rac1 Qb8 21. dxe5 fxe5 22. Qe7 Rf7 23. Rxc8+ Bxc8 24. Qd8+ Rf8 25. Qd5+ Kh8 26. f4 Ba6 1/2-1/2

[Event "Cullera op-A"]
[Site "Cullera"]
[Date "2007.07.07"]
[Round "2"]
[White "Aymerich Rosell, Pablo"]
[Black "Beudaert, Xavier"]
[Result "0-1"]
[WhiteElo "2206"]
[BlackElo "2350"]
[PlyCount "124"]
[EventDate "2007.07.06"]
[EventType "swiss"]
[EventRounds "9"]
[EventCountry "ESP"]
[SourceTitle "CBM 119 Extra"]
[Source "ChessBase"]
[SourceDate "2007.09.04"]
[SourceVersion "1"]
[SourceVersionDate "2007.09.04"]
[SourceQuality "1"]

1. d4 d5 2. c4 c6 3. Nc3 Nf6 4. Nf3 a6 5. c5 Nbd7 6. Bf4 Nh5 7. Bd2 Nhf6 8. Bf4 Nh5 9. Bd2 g6 10. e4 dxe4 11. Nxe4 Nhf6 12. Nxf6+ Nxf6 13. Bc4 Bg7 14. Qb3 0-0 15. 0-0 Nd5 16. Rfe1 Ra7 17. h3 Be6 18. Rad1 Qc8 19. Bg5 Re8 20. a4 Ra8 21. Qa3 Nc7 22. b3 Qd7 23. Qc1 Bd5 24. Ne5 Bxe5 25. dxe5 Qf5 26. Bd3 Qe6 27. b4 Rad8 28. f4 Bb3 29. Bc2 Bxc2 30. Qxc2 Rd5 31. Rxd5 Nxd5 32. Qf2 Kg7 33. Bh4 Qf5 34. Bg3 Rd8 35. Qd4 Qc2 36. Bh4 Kf8 37. e6 Qc3 38. Qxc3 Nxc3 39. exf7 Rd7 40. Re3 Rd1+ 41. Kh2 Nd5 42. Rb3 Ra1 43. b5 Rxa4 44. bxc6 bxc6 45. Bg5 Kxf7 46. Rb8 Nxf4 47. Rh8 Nd5 48. Rxh7+ Ke6 49. Rg7 Kf5 50. Bxe7 Ra2 51. Bd6 Ne3 52. Rf7+ Ke4 53. Rf4+ Kd3 54. Kh1 Ra1+ 55. Kh2 Ra2 56. Kh1 Rxg2 57. Ra4 Rb2 58. Rxa6 Ke2 59. Rxc6 Rb1+ 60. Kh2 Kf3 61. Bc7 Nf1+ 62. Kg1 Ng3+ 0-1

[Event "FRA-chT Top 16 Gp Haute"]
[Site "France"]
[Date "2007.06.02"]
[Round "10.7"]
[White "Beudaert, Xavier"]
[Black "Poesson, Thierry"]
[Result "1-0"]
[WhiteElo "2339"]
[BlackElo "2089"]
[PlyCount "143"]
[EventDate "2007.05.31"]
[EventType "team"]
[EventRounds "11"]
[EventCountry "FRA"]
[SourceTitle "CBM 118 Extra"]
[Source "ChessBase"]
[SourceDate "2007.07.04"]
[SourceVersion "1"]
[SourceVersionDate "2007.07.04"]
[SourceQuality "1"]
[WhiteTeam "Evry"]
[BlackTeam "Antibes"]
[WhiteTeamCountry "FRA"]
[BlackTeamCountry "FRA"]

1. e4 c5 2. Nf3 Nc6 3. Bb5 g6 4. 0-0 Bg7 5. Re1 Nf6 6. c3 0-0 7. d4 cxd4 8. cxd4 d5 9. e5 Ne4 10. Bxc6 bxc6 11. Nbd2 c5 12. Nxe4 dxe4 13. Rxe4 Bb7 14. Re1 Bxf3 15. Qxf3 Qxd4 16. Re4 Qd5 17. Bf4 Rad8 18. Qe2 Qb7 19. b3 Rd4 20. Rxd4 cxd4 21. Rd1 Qd5 22. Qc4 Rd8 23. Qxd5 Rxd5 24. Kf1 d3 25. f3 e6 26. Kf2 Bf8 27. Be3 a5 28. f4 Bb4 29. Bd2 Bc5+ 30. Kf3 Ba3 31. Bc3 Kf8 32. Ke4 Bb4 33. Bxb4+ axb4 34. Rxd3 Ra5 35. Rd2 Ke7 36. Kd4 Rd5+ 37. Ke3 Rc5 38. Ke2 g5 39. g3 gxf4 40. gxf4 f6 41. exf6+ Kxf6 42. Kd3 Kf5 43. Re2 Rc3+ 44. Kd4 Kxf4 45. Rxe6 Rc2 46. Rh6 Rxa2 47. Kc5 Ra7 48. Rh4+ Ke5 49. Kxb4 Kd5 50. Kc3 Kc5 51. Rh5+ Kb6 52. Kb4 Rg7 53. Rh6+ Kb7 54. Kc5 Rc7+ 55. Kd5 Rd7+ 56. Ke5 Rc7 57. h4 Rc3 58. Rxh7+ Kb6 59. Rd7 Rxb3 60. Kf6 Kc6 61. Rd1 Rh3 62. Kg5 Rg3+ 63. Kh6 Kc7 64. h5 Rg2 65. Kh7 Rg3 66. h6 Rg2 67. Kh8 Rg3 68. h7 Rg2 69. Ra1 Kd7 70. Ra8 Ke7 71. Rg8 Rf2 72. Kg7 1-0

[Event "FRA-chT2A 0506"]
[Site "France"]
[Date "2005.11.20"]
[Round "3.1"]
[White "Solodovnichenko, Yuri"]
[Black "Beudaert, Xavier"]
[Result "1-0"]
[WhiteElo "2495"]
[BlackElo "2356"]
[PlyCount "67"]
[EventDate "2005.10.27"]
[EventType "team-tourn"]
[EventRounds "11"]
[EventCountry "FRA"]
[SourceTitle "EXT 2006"]
[Source "ChessBase"]
[SourceDate "2005.11.24"]
[SourceVersion "1"]
[SourceVersionDate "2005.11.24"]
[SourceQuality "1"]
[WhiteTeam "Niort"]
[BlackTeam "Bordeaux Echecs"]
[WhiteTeamCountry "FRA"]
[BlackTeamCountry "FRA"]

1. e4 c5 2. Nf3 e6 3. d4 cxd4 4. Nxd4 a6 5. c4 Nf6 6. Nc3 Qc7 7. a3 b6 8. Be3 Bb7 9. f3 Nc6 10. b4 Be7 11. Rc1 0-0 12. Be2 Qb8 13. Na4 Bd8 14. Nb3 d5 15. exd5 exd5 16. cxd5 Ne7 17. Nxb6 Nf5 18. Nc4 Nxd5 19. Bc5 Bh4+ 20. g3 Nxg3 21. hxg3 Qxg3+ 22. Kd2 Rfd8 23. Nd4 Bf6 24. Kc2 Rac8 25. Kb1 Nf4 26. Qc2 g6 27. Nf5 Qg2 28. Rhe1 Nxe2 29. Rxe2 Qxf3 30. Nfd6 Rxc5 31. bxc5 Bd5 32. Rf2 Rb8+ 33. Nb6 Qxa3 34. Rxf6 1-0

[Event "Creon op 10th"]
[Site "Creon"]
[Date "2005.08.03"]
[Round "4"]
[White "Krivoshey, Sergei"]
[Black "Beudaert, Xavier"]
[Result "0-1"]
[WhiteElo "2500"]
[BlackElo "2358"]
[PlyCount "72"]
[EventDate "2005.08.01"]
[EventType "swiss"]
[EventRounds "9"]
[EventCountry "FRA"]
[SourceTitle "CBM 107 Extra"]
[Source "ChessBase"]
[SourceDate "2005.09.01"]
[SourceVersion "1"]
[SourceVersionDate "2005.09.01"]
[SourceQuality "1"]

1. d4 d5 2. c4 c6 3. Nf3 Nf6 4. Qb3 e6 5. Bg5 Be7 6. e3 0-0 7. Nc3 a6 8. Rc1 dxc4 9. Bxc4 b5 10. Be2 Nbd7 11. a4 b4 12. Nb1 Bb7 13. 0-0 Rc8 14. Rfd1 h6 15. Bh4 Ne4 16. Bxe7 Qxe7 17. Nbd2 Nxd2 18. Nxd2 c5 19. Bf3 Bxf3 20. Nxf3 Nb6 21. Ne5 cxd4 22. exd4 Qd6 23. a5 Nd5 24. g3 Rc7 25. Nd3 Qd7 26. Rc4 Rxc4 27. Qxc4 Qa4 28. Rc1 Qxa5 29. Qc6 Qa2 30. Qb7 a5 31. Kg2 Nf6 32. Rc5 Qb3 33. Ne5 Qxb2 34. Rc8 Rxc8 35. Qxc8+ Kh7 36. Qd8 Qb3 0-1

[Event "Creon op 10th"]
[Site "Creon"]
[Date "2005.08.02"]
[Round "3"]
[White "Beudaert, Xavier"]
[Black "Ernst, Thomas"]
[Result "1/2-1/2"]
[WhiteElo "2358"]
[BlackElo "2459"]
[PlyCount "75"]
[EventDate "2005.08.01"]
[EventType "swiss"]
[EventRounds "9"]
[EventCountry "FRA"]
[SourceTitle "CBM 107 Extra"]
[Source "ChessBase"]
[SourceDate "2005.09.01"]
[SourceVersion "1"]
[SourceVersionDate "2005.09.01"]
[SourceQuality "1"]

1. e4 c5 2. Nf3 d6 3. Bb5+ Nd7 4. d4 Ngf6 5. Nc3 a6 6. Bxd7+ Nxd7 7. Bg5 f6 8. Be3 cxd4 9. Nxd4 Ne5 10. Qe2 g6 11. f4 Ng4 12. Bg1 Bd7 13. h3 Nh6 14. e5 fxe5 15. fxe5 dxe5 16. Qxe5 Nf7 17. Qe2 Bg7 18. 0-0-0 Qa5 19. Nb3 Qe5 20. Nc5 Qxe2 21. Nxe2 0-0-0 22. Be3 Bc6 23. Ne6 Rxd1+ 24. Rxd1 Be5 25. N2f4 Nd8 26. Bd4 Bxd4 27. Nxd4 Rf8 28. Nxc6 Nxc6 29. Nd3 Rf5 30. Re1 Kc7 31. Kd2 Kd6 32. Ke3 Ne5 33. Rd1 Nxd3 34. Rxd3+ Kc6 35. Rd8 Re5+ 36. Kf3 Rf5+ 37. Ke3 Re5+ 38. Kf3 1/2-1/2

[Event "Creon op 10th"]
[Site "Creon"]
[Date "2005.08.02"]
[Round "2"]
[White "Canonne, Antoine"]
[Black "Beudaert, Xavier"]
[Result "0-1"]
[WhiteElo "2056"]
[BlackElo "2358"]
[PlyCount "70"]
[EventDate "2005.08.01"]
[EventType "swiss"]
[EventRounds "9"]
[EventCountry "FRA"]
[SourceTitle "CBM 107 Extra"]
[Source "ChessBase"]
[SourceDate "2005.09.01"]
[SourceVersion "1"]
[SourceVersionDate "2005.09.01"]
[SourceQuality "1"]

1. e4 c5 2. Nc3 e6 3. f4 d5 4. Bb5+ Nc6 5. Qe2 d4 6. Nd1 Qc7 7. Bxc6+ Qxc6 8. Nf3 Bd6 9. d3 Ne7 10. Nf2 f5 11. 0-0 0-0 12. e5 Bc7 13. c4 dxc3 14. bxc3 b6 15. c4 Bb7 16. Bd2 Rad8 17. Bc3 h6 18. Nh3 Qa4 19. Rab1 Rd7 20. Rfd1 Rfd8 21. Kf2 Be4 22. dxe4 Rxd1 23. Rxd1 Rxd1 24. exf5 Nxf5 25. g4 Ne7 26. Qe4 Qc6 27. Qc2 Rf1+ 28. Kxf1 Qxf3+ 29. Nf2 Qxf4 30. Qd3 Bxe5 31. h3 Bxc3 32. Qxc3 Nc6 33. Qd3 Ne5 34. Qd8+ Kh7 35. Qe7 Nd3 0-1

[Event "Condom IM"]
[Site "Condom"]
[Date "2005.07.17"]
[Round "9"]
[White "Cioara, Andrei Nestor"]
[Black "Beudaert, Xavier"]
[Result "1-0"]
[WhiteElo "2403"]
[BlackElo "2358"]
[PlyCount "76"]
[EventDate "2005.07.09"]
[EventType "tourn"]
[EventRounds "10"]
[EventCountry "FRA"]
[EventCategory "6"]
[SourceTitle "CBM 107 Extra"]
[Source "ChessBase"]
[SourceDate "2005.09.01"]
[SourceVersion "1"]
[SourceVersionDate "2005.09.01"]
[SourceQuality "1"]

1. e4 c5 2. Nf3 e6 3. d4 cxd4 4. Nxd4 a6 5. Bd3 Bc5 6. Nb3 Ba7 7. Qe2 Nc6 8. Be3 d6 9. 0-0 Nf6 10. c4 Bxe3 11. Qxe3 0-0 12. Nc3 Ne5 13. Be2 Qc7 14. Rac1 Nxc4 15. Bxc4 Qxc4 16. Rfd1 Qb4 17. Rd4 Qb6 18. Qd2 d5 19. exd5 e5 20. Rc4 Bf5 21. Rd1 h6 22. Nc5 Rad8 23. a4 Rc8 24. b4 a5 25. Nb5 axb4 26. Qxb4 Rfd8 27. d6 Ra8 28. h3 Nd7 29. Nb3 Be6 30. Rc7 Rf8 31. Rdc1 Nf6 32. a5 Qa6 33. Nc5 Qxa5 34. Qxa5 Rxa5 35. Nxe6 fxe6 36. Rxb7 Nd5 37. d7 Raa8 38. Na7 Nb4 1-0

[Event "Condom IM"]
[Site "Condom"]
[Date "2005.07.15"]
[Round "7"]
[White "Beudaert, Xavier"]
[Black "Housieaux, David"]
[Result "0-1"]
[WhiteElo "2358"]
[BlackElo "2329"]
[PlyCount "118"]
[EventDate "2005.07.09"]
[EventType "tourn"]
[EventRounds "10"]
[EventCountry "FRA"]
[EventCategory "6"]
[SourceTitle "CBM 107 Extra"]
[Source "ChessBase"]
[SourceDate "2005.09.01"]
[SourceVersion "1"]
[SourceVersionDate "2005.09.01"]
[SourceQuality "1"]

1. Nf3 g6 2. e4 Bg7 3. d4 c6 4. h3 d5 5. Nbd2 Nh6 6. Bd3 0-0 7. 0-0 f6 8. c4 e6 9. Re1 Nf7 10. Qb3 Na6 11. cxd5 cxd5 12. exd5 exd5 13. Nf1 Nc7 14. Bf4 Ne6 15. Bh2 Nfg5 16. N1d2 f5 17. Be5 Ne4 18. Bxg7 Kxg7 19. Nf1 b6 20. Rad1 Bb7 21. Ne3 Re8 22. Bb1 f4 23. Nf1 N6g5 24. N1d2 Nf7 25. Ne5 Nfd6 26. Qd3 Qf6 27. f3 Ng3 28. Nf1 Ngf5 29. Qd2 Nh4 30. Ng4 Qg5 31. Rc1 Nc4 32. Qf2 h5 33. Ne5 Rac8 34. Nxc4 Rxc4 35. Rxe8 Rxc1 36. Bd3 Rc7 37. Re5 Qf6 38. Nd2 Re7 39. Qe1 Rxe5 40. dxe5 Qg5 41. Qe2 Bc8 42. Kh1 Bf5 43. Bb5 Be6 44. Bd3 Bf5 45. Bb5 Bc2 46. Bd7 Kf7 47. a4 Ke7 48. Bb5 Bd1 49. Qf2 Ke6 50. a5 bxa5 51. Bf1 a4 52. Qe1 Bb3 53. Nb1 Nf5 54. Qb4 Ng3+ 55. Kg1 Qxe5 56. Ba6 Qe3+ 57. Kh2 Qc1 58. Bc8+ Kf7 59. Qb7+ Kf6 0-1

[Event "Condom IM"]
[Site "Condom"]
[Date "2005.07.10"]
[Round "2"]
[White "Housieaux, David"]
[Black "Beudaert, Xavier"]
[Result "1/2-1/2"]
[WhiteElo "2329"]
[BlackElo "2358"]
[PlyCount "125"]
[EventDate "2005.07.09"]
[EventType "tourn"]
[EventRounds "10"]
[EventCountry "FRA"]
[EventCategory "6"]
[SourceTitle "CBM 107 Extra"]
[Source "ChessBase"]
[SourceDate "2005.09.01"]
[SourceVersion "1"]
[SourceVersionDate "2005.09.01"]
[SourceQuality "1"]

1. d4 d5 2. c4 c6 3. Nf3 Nf6 4. Qc2 g6 5. Bf4 Bf5 6. Qb3 Qb6 7. c5 Qxb3 8. axb3 Nbd7 9. h3 Bg7 10. e3 0-0 11. Nbd2 Ne4 12. g4 Be6 13. b4 f6 14. Nb3 Bf7 15. Na5 e5 16. Bh2 Ng5 17. Nxg5 fxg5 18. 0-0-0 Be6 19. Rd2 exd4 20. exd4 Nf6 21. f3 Rf7 22. Be2 Re8 23. Bd1 Bc8 24. Re2 Rxe2 25. Bxe2 Nd7 26. Nb3 Nf8 27. Bb8 a6 28. Rd1 Ne6 29. Rd2 Bf6 30. Bd1 Bd7 31. Kc2 Re7 32. Bd6 Re8 33. Kd3 Kf7 34. Re2 Bc8 35. Re3 Bd7 36. Be2 h5 37. Bf1 hxg4 38. fxg4 Nf4+ 39. Kd2 Ne6 40. Kd3 Nf4+ 41. Kd2 Re4 42. Rxe4 dxe4 43. Ke3 Be6 44. Na5 Nd5+ 45. Kxe4 Nxb4 46. Nxb7 Bd5+ 47. Ke3 Ke6 48. Bg3 Nc2+ 49. Kd2 Nxd4 50. Bxa6 Bg2 51. b4 Bxh3 52. Nd6 Ke7 53. Ne4 Bxg4 54. Nxf6 Kxf6 55. Bf2 Ke5 56. Bb7 Bd7 57. Bxd4+ Kxd4 58. b5 Kxc5 59. bxc6 Bxc6 60. Bc8 Kd4 61. Ke2 Ke4 62. Kf2 Kf4 63. Kg1 1/2-1/2

[Event "Evry op"]
[Site "Evry"]
[Date "2005.02.24"]
[Round "5"]
[White "Shchekachev, Andrei"]
[Black "Beudaert, Xavier"]
[Result "1-0"]
[WhiteElo "2559"]
[BlackElo "2328"]
[PlyCount "103"]
[EventDate "2005.03.12"]
[EventType "swiss"]
[EventRounds "9"]
[EventCountry "FRA"]
[SourceTitle "EXT 2006"]
[Source "ChessBase"]
[SourceDate "2005.11.24"]
[SourceVersion "1"]
[SourceVersionDate "2005.11.24"]
[SourceQuality "1"]

1. Nf3 Nf6 2. c4 c5 3. Nc3 e6 4. g3 b6 5. Bg2 Bb7 6. 0-0 Be7 7. Re1 d6 8. e4 a6 9. d4 cxd4 10. Nxd4 Qc7 11. Be3 Nbd7 12. f4 0-0 13. g4 Nc5 14. Bf2 g6 15. e5 dxe5 16. fxe5 Nfd7 17. Qe2 Bxg2 18. Kxg2 Rfd8 19. Rad1 Bf8 20. Bh4 Rdc8 21. Nf3 Bg7 22. Rd4 Nb8 23. b4 Ncd7 24. Red1 Nf8 25. Ne4 Nc6 26. Nf6+ Kh8 27. Rd7 Nxd7 28. Rxd7 Qb8 29. Ng5 Rf8 30. Nxf7+ Rxf7 31. Rxf7 Qxe5 32. Qf3 Rc8 33. Nd7 Qb2+ 34. Qf2 Qxf2+ 35. Bxf2 Nxb4 36. Nxb6 Rc6 37. Rd7 h6 38. a3 Nc2 39. a4 e5 40. a5 e4 41. Re7 e3 42. Bxe3 Nxe3+ 43. Rxe3 Bd4 44. Rd3 Bxb6 45. axb6 Rxb6 46. Kf3 Rc6 47. Rc3 Kg7 48. Ke4 Kf6 49. Kd5 Rc8 50. Kd6 Rd8+ 51. Kc7 Re8 52. c5 1-0

[Event "Creon op 9th"]
[Site "Creon"]
[Date "2004.08.05"]
[Round "5"]
[White "Piat, Jerome P"]
[Black "Beudaert, Xavier"]
[Result "0-1"]
[WhiteElo "2089"]
[BlackElo "2327"]
[PlyCount "51"]
[EventDate "2004.08.02"]
[EventType "swiss"]
[EventRounds "9"]
[EventCountry "FRA"]
[SourceTitle "CBM 101 Extra"]
[Source "ChessBase"]
[SourceDate "2004.09.01"]
[SourceVersion "2"]
[SourceVersionDate "2004.09.01"]
[SourceQuality "1"]

1. e4 Nf6 2. e5 Nd5 3. d4 d6 4. c4 Nb6 5. exd6 cxd6 6. h3 g6 7. Nf3 Bg7 8. Bg5 Be6 9. Nc3 d5 10. c5 N6d7 11. Qb3 b6 12. Bb5 0-0 13. c6 Nf6 14. Bf4 Ne8 15. Rc1 a6 16. Ba4 b5 17. 0-0 Nxc6 18. Nxb5 axb5 19. Qxb5 Nxd4 20. Nxd4 Bxd4 21. Rfd1 Qb6 22. Rc7 Qxb5 23. Bxb5 Bg7 24. a4 Nd6 25. Bc6 Rab8 26. a5 0-1

[Event "Creon op 9th"]
[Site "Creon"]
[Date "2004.08.03"]
[Round "2"]
[White "Beudaert, Xavier"]
[Black "Maghrabi, Yvan"]
[Result "1-0"]
[WhiteElo "2327"]
[BlackElo "2076"]
[PlyCount "72"]
[EventDate "2004.08.02"]
[EventType "swiss"]
[EventRounds "9"]
[EventCountry "FRA"]
[SourceTitle "CBM 101 Extra"]
[Source "ChessBase"]
[SourceDate "2004.09.01"]
[SourceVersion "2"]
[SourceVersionDate "2004.09.01"]
[SourceQuality "1"]

1. e4 c5 2. Nc3 e6 3. Nf3 d5 4. exd5 exd5 5. d4 cxd4 6. Nxd4 Nf6 7. Bb5+ Bd7 8. Nf5 Nc6 9. Qe2+ Be6 10. Bg5 h6 11. Bh4 a6 12. Bxc6+ bxc6 13. 0-0 Qb6 14. Qe5 0-0-0 15. Nxg7 Ng4 16. Bxd8 Nxe5 17. Bxb6 Bxg7 18. Na4 Nc4 19. Bc5 Kb7 20. c3 Rg8 21. Rfe1 Kc8 22. f3 h5 23. Bd4 Bh6 24. Bf2 Rg6 25. Nb6+ Nxb6 26. Bxb6 Bf4 27. g3 Bd6 28. Bd4 Kd7 29. b4 Rg8 30. Be5 Be7 31. a4 a5 32. Reb1 Bf5 33. Rb2 Bd3 34. h4 c5 35. b5 c4 36. b6 Ke6 1-0

[Event "Creon op 9th"]
[Site "Creon"]
[Date "2004.08.03"]
[Round "3"]
[White "Nevednichy, Vladislav"]
[Black "Beudaert, Xavier"]
[Result "1-0"]
[WhiteElo "2538"]
[BlackElo "2327"]
[PlyCount "81"]
[EventDate "2004.08.02"]
[EventType "swiss"]
[EventRounds "9"]
[EventCountry "FRA"]
[SourceTitle "CBM 101 Extra"]
[Source "ChessBase"]
[SourceDate "2004.09.01"]
[SourceVersion "2"]
[SourceVersionDate "2004.09.01"]
[SourceQuality "1"]

1. e4 Nf6 2. e5 Nd5 3. d4 d6 4. Nf3 dxe5 5. Nxe5 c6 6. Be2 Bf5 7. 0-0 Nd7 8. Nd3 e6 9. c4 N5b6 10. Nf4 Be7 11. Nc3 0-0 12. a4 e5 13. dxe5 Nxe5 14. Qb3 Bc5 15. Nd1 a5 16. Ne3 Bd7 17. Bd2 Qc7 18. Rad1 Rfe8 19. Kh1 Bc8 20. Nh5 f6 21. Qc2 Kh8 22. Ng3 Nbd7 23. Nef5 Ng6 24. f4 Ndf8 25. Bd3 Ne6 26. Nh5 Ngf8 27. Bc3 Qf7 28. Nhg3 Bb4 29. Bxb4 axb4 30. Nd6 Qd7 31. Nxe8 Qxe8 32. Rfe1 Qf7 33. Qf2 c5 34. b3 Nd4 35. Ne4 Qc7 36. Bb1 b6 37. Rxd4 cxd4 38. Qxd4 Bb7 39. Nd6 Bc6 40. Kg1 Kg8 41. c5 1-0